[Event "New Delhi Parsvnath op-B 17th"]
[Site "New Delhi"]
[Date "2019.01.11"]
[Round "9"]
[White "Koustav, Chakraborty"]
[Black "Aryan"]
[Result "1-0"]
[WhiteElo "1898"]
[BlackElo "1784"]
[PlyCount "73"]
[EventDate "2019.01.09"]
[EventType "swiss"]
[EventRounds "10"]
[EventCountry "IND"]
[SourceTitle "CBM 189 Extra"]
[Source "ChessBase"]
[SourceDate "2019.05.31"]
[SourceVersion "1"]
[SourceVersionDate "2019.05.31"]
[SourceQuality "1"]

1. e4 d5 2. exd5 Qxd5 3. Nc3 Qd8 4. d4 Nf6 5. Bc4 g6 6. Nf3 Bg7 7. Bg5 0-0 8. Qd2 c6 9. 0-0 Bf5 10. Rfe1 Nbd7 11. Rad1 b5 12. Bd3 Bxd3 13. Qxd3 e6 14. Ne4 Qc7 15. c3 Rfe8 16. h4 Nd5 17. c4 bxc4 18. Qxc4 Rab8 19. b3 Rb4 20. Qc2 Rc8 21. Bc1 Rb5 22. Ba3 Bf8 23. Bxf8 Kxf8 24. Neg5 Kg8 25. h5 Nb4 26. Qb1 Qf4 27. a3 Na6 28. hxg6 Rxg5 29. gxf7+ Kxf7 30. Nxg5+ Qxg5 31. Qxh7+ Qg7 32. Qxg7+ Kxg7 33. Rxe6 Kf7 34. Rde1 Nab8 35. f4 Rc7 36. Re7+ Kf6 37. g4 1-0

[Event "New Delhi Parsvnath op-B 17th"]
[Site "New Delhi"]
[Date "2019.01.09"]
[Round "1"]
[White "Mohan, Singh Dewat"]
[Black "Koustav, Chakraborty"]
[Result "0-1"]
[WhiteElo "1465"]
[BlackElo "1898"]
[PlyCount "92"]
[EventDate "2019.01.09"]
[EventType "swiss"]
[EventRounds "10"]
[EventCountry "IND"]
[SourceTitle "CBM 189 Extra"]
[Source "ChessBase"]
[SourceDate "2019.05.31"]
[SourceVersion "1"]
[SourceVersionDate "2019.05.31"]
[SourceQuality "1"]

1. d4 d5 2. c4 e6 3. Nf3 Nf6 4. Bg5 Nbd7 5. e3 Be7 6. Nc3 0-0 7. Bd3 c6 8. 0-0 dxc4 9. Bxc4 Nd5 10. Bxe7 Qxe7 11. e4 N5b6 12. Bb3 e5 13. Rc1 Rd8 14. d5 Nc5 15. Bc2 Bg4 16. h3 Bh5 17. g4 Bg6 18. Qe2 cxd5 19. exd5 e4 20. Rcd1 Re8 21. Rfe1 Rad8 22. Nd4 Qh4 23. Kh2 Nxd5 24. Nxd5 Rxd5 25. Nf5 Rxf5 26. gxf5 Qf4+ 27. Kg2 Qxf5 28. Qg4 Qe5 29. Rb1 Ne6 30. Qg3 Nf4+ 31. Kh2 h5 32. Re3 Qf6 33. h4 Nd5 34. Ree1 Nb4 35. Bb3 Nd3 36. Rf1 Ne5 37. Kg2 Nf3 38. Rh1 e3 39. Qxf3 Be4 40. Qxe4 Rxe4 41. f3 Rxh4 42. Rxh4 Qxh4 43. Rd1 Qf2+ 44. Kh1 Qxf3+ 45. Kg1 e2 46. Rd8+ Kh7 0-1